[Event "Molde CC-ch"]
[Site "Molde"]
[Date "2020.03.07"]
[Round "5"]
[White "Isachsen, Harald"]
[Black "Kosberg, Ivar"]
[Result "0-1"]
[WhiteElo "1693"]
[BlackElo "1613"]
[PlyCount "84"]
[EventDate "2019.01.24"]
[EventType "swiss"]
[EventRounds "7"]
[EventCountry "NOR"]
[SourceTitle "EXT 2024"]
[Source "ChessBase"]
[SourceDate "2023.10.10"]
[SourceVersion "1"]
[SourceVersionDate "2023.10.10"]
[SourceQuality "1"]

1. e4 d6 2. Bc4 Nf6 3. d3 e5 4. Nf3 h6 5. h3 Be7 6. Be3 Nbd7 7. c3 c6 8. Qc2 Qc7 9. Nbd2 Nf8 10. Nf1 Be6 11. Bb3 d5 12. Ng3 dxe4 13. dxe4 Bxb3 14. axb3 g6 15. 0-0 a6 16. Rfd1 Ne6 17. Nd2 Bc5 18. Bxc5 Nxc5 19. Nc4 Ke7 20. Kh2 Rad8 21. f3 h5 22. Rxd8 Rxd8 23. Rd1 Rxd1 24. Qxd1 b5 25. Ne3 Qb6 26. Ngf1 Ne6 27. Nc2 Nd7 28. b4 Nf4 29. Nfe3 Qa7 30. g3 Ne6 31. Qd3 Nb6 32. b3 Qc7 33. c4 Qd7 34. Qxd7+ Nxd7 35. c5 Nd4 36. Nxd4 exd4 37. Nd1 Ne5 38. Kg2 Nd3 39. Kf1 Nc1 40. Ke1 Nxb3 41. Ke2 a5 42. bxa5 Nxa5 0-1

[Event "NOR-ch Class2"]
[Site "Sarpsborg"]
[Date "2018.07.10"]
[Round "5"]
[White "Kosberg, Ivar"]
[Black "Erikstad, Olav Age"]
[Result "0-1"]
[WhiteElo "1675"]
[BlackElo "1754"]
[PlyCount "48"]
[EventDate "2018.07.07"]
[EventType "swiss"]
[EventRounds "9"]
[EventCountry "NOR"]
[SourceTitle "EXT 2024"]
[Source "ChessBase"]
[SourceDate "2023.10.10"]
[SourceVersion "1"]
[SourceVersionDate "2023.10.10"]
[SourceQuality "1"]

1. e4 e5 2. Bc4 Nf6 3. d4 exd4 4. Nf3 Be7 5. e5 Ne4 6. Qxd4 Nc5 7. 0-0 Nc6 8. Qc3 0-0 9. Bf4 Ne6 10. Be3 b6 11. Na3 Bb7 12. Rad1 Bb4 13. Qd3 Qe7 14. Nb5 Na5 15. Nbd4 Nxc4 16. Qxc4 Nxd4 17. Nxd4 Qxe5 18. Qxb4 Qe4 19. Nc6 Qxc6 20. Qg4 f5 21. Qf3 Qxf3 22. gxf3 Rf6 23. Rfe1 Rg6+ 24. Kf1 Ba6+ 0-1

[Event "Molde CC-ch"]
[Site "Molde"]
[Date "2017.??.??"]
[Round "6"]
[White "Kosberg, Ivar"]
[Black "Unhjem, Bjorn Robert Lovoll"]
[Result "0-1"]
[WhiteElo "1569"]
[BlackElo "1613"]
[PlyCount "46"]
[EventDate "2017.01.12"]
[EventType "swiss"]
[EventRounds "6"]
[EventCountry "NOR"]
[SourceTitle "EXT 2024"]
[Source "ChessBase"]
[SourceDate "2023.10.10"]
[SourceVersion "1"]
[SourceVersionDate "2023.10.10"]
[SourceQuality "1"]

1. e4 e5 2. Bc4 Nf6 3. Nc3 Bc5 4. d3 a6 5. f4 d6 6. Nf3 Nc6 7. f5 b5 8. Bb3 Na5 9. Bg5 Nxb3 10. axb3 c6 11. Qe2 Qc7 12. Nd2 Bb7 13. Be3 Qb6 14. Bxc5 Qxc5 15. Qf2 Qxf2+ 16. Kxf2 0-0-0 17. h3 c5 18. Rhe1 h5 19. Nd1 g6 20. fxg6 fxg6 21. c4 h4 22. Nc3 b4 23. Ke3 bxc3 0-1

[Event "Molde CC-ch"]
[Site "Molde"]
[Date "2017.??.??"]
[Round "3"]
[White "Kosberg, Stian"]
[Black "Kosberg, Ivar"]
[Result "0-1"]
[WhiteElo "662"]
[BlackElo "1569"]
[PlyCount "50"]
[EventDate "2017.01.12"]
[EventType "swiss"]
[EventRounds "6"]
[EventCountry "NOR"]
[SourceTitle "EXT 2024"]
[Source "ChessBase"]
[SourceDate "2023.10.10"]
[SourceVersion "1"]
[SourceVersionDate "2023.10.10"]
[SourceQuality "1"]

1. e4 d6 2. d4 Nf6 3. Nc3 Nbd7 4. f4 e5 5. Nf3 exd4 6. Nxd4 Be7 7. Be3 0-0 8. Nf5 Re8 9. Qf3 Nb6 10. Nd5 Nbxd5 11. Nxe7+ Qxe7 12. h3 Nxe3 13. Qxe3 Qxe4 14. Qxe4 Rxe4+ 15. Kd2 Rxf4 16. Be2 Bf5 17. Rhf1 Rxf1 18. Rxf1 Bg6 19. Bd3 Bxd3 20. Kxd3 Re8 21. Rf2 Re5 22. Rf4 a5 23. b4 axb4 24. Rxb4 b6 25. Ra4 Kf8 0-1

[Event "Molde Spring"]
[Site "Molde"]
[Date "2010.02.09"]
[Round "2"]
[White "Kosberg, Ivar"]
[Black "Farstad, Gudmund"]
[Result "1-0"]
[WhiteElo "1589"]
[BlackElo "1713"]
[PlyCount "91"]
[EventDate "2010.02.02"]
[EventType "tourn"]
[EventRounds "11"]
[EventCountry "NOR"]
[SourceTitle "EXT 2024"]
[Source "ChessBase"]
[SourceDate "2023.10.10"]
[SourceVersion "1"]
[SourceVersionDate "2023.10.10"]
[SourceQuality "1"]

1. e4 c5 2. c3 d5 3. exd5 Qxd5 4. d4 Nc6 5. Nf3 Bg4 6. Be2 e6 7. 0-0 Nf6 8. Be3 Nd7 9. c4 Qd6 10. Nc3 0-0-0 11. Nb5 Qb8 12. d5 Bxf3 13. Bxf3 Nde5 14. Qe2 Nxf3+ 15. Qxf3 Ne5 16. Qe4 f5 17. Nxa7+ Kd7 18. dxe6+ Kxe6 19. Qc2 Qxa7 20. Bg5 Rd4 21. Rfe1 h6 22. Bd2 Bd6 23. f4 Kf6 24. fxe5+ Bxe5 25. Bc3 Qb8 26. Bxd4 Bxd4+ 27. Kh1 Re8 28. Rf1 g6 29. Rae1 Rxe1 30. Rxe1 Qf4 31. Qe2 Kg5 32. g3 Qd6 33. Qe7+ Qxe7 34. Rxe7 Bxb2 35. Rxb7 Ba3 36. Rd7 h5 37. Kg2 h4 38. Rd3 Bb4 39. a3 Ba5 40. Rd5 Bb6 41. Rd6 Ba7 42. Rc6 hxg3 43. hxg3 Kh5 44. a4 g5 45. a5 Kg4 46. Rc8 1-0

[Event "Molde Spring"]
[Site "Molde"]
[Date "2009.05.07"]
[Round "6"]
[White "Satervik, Erling"]
[Black "Kosberg, Ivar"]
[Result "0-1"]
[WhiteElo "1237"]
[BlackElo "1589"]
[PlyCount "94"]
[EventDate "2009.01.22"]
[EventType "swiss"]
[EventRounds "6"]
[EventCountry "NOR"]
[SourceTitle "EXT 2024"]
[Source "ChessBase"]
[SourceDate "2023.10.10"]
[SourceVersion "1"]
[SourceVersionDate "2023.10.10"]
[SourceQuality "1"]

1. c4 d6 2. d4 f5 3. Nc3 g6 4. Nf3 Bg7 5. e4 Nh6 6. Bd3 c6 7. 0-0 0-0 8. Re1 Nf7 9. exf5 gxf5 10. Ne2 e5 11. Bc2 e4 12. Nd2 d5 13. c5 Qh4 14. Nf1 Ng5 15. Nf4 Ne6 16. Nxe6 Bxe6 17. a4 Nd7 18. Ra3 f4 19. Qd2 Qf6 20. Rd1 b6 21. b4 bxc5 22. bxc5 Bg4 23. f3 Bh5 24. Bb2 Rfb8 25. Ba1 e3 26. Qe2 Bg6 27. Bxg6 Qxg6 28. Nxe3 fxe3 29. Rxe3 Re8 30. Rdd3 Rab8 31. Rxe8+ Rxe8 32. Qd1 Rb8 33. Rb3 Rxb3 34. Qxb3 Kf7 35. Qb7 Ke7 36. Qb3 Qg5 37. Qc2 Qg6 38. Qe2+ Kd8 39. Qe1 Qc2 40. a5 Qd3 41. Qf2 Qd1+ 42. Qf1 Bxd4+ 43. Bxd4 Qxd4+ 44. Qf2 Qa1+ 45. Qf1 Qxa5 46. g4 Qxc5+ 47. Kg2 Qe3 0-1

[Event "Molde Spring"]
[Site "Molde"]
[Date "2009.01.22"]
[Round "1"]
[White "Kosberg, Stian"]
[Black "Kosberg, Ivar"]
[Result "0-1"]
[WhiteElo "702"]
[BlackElo "1589"]
[PlyCount "82"]
[EventDate "2009.01.22"]
[EventType "swiss"]
[EventRounds "6"]
[EventCountry "NOR"]
[SourceTitle "EXT 2024"]
[Source "ChessBase"]
[SourceDate "2023.10.10"]
[SourceVersion "1"]
[SourceVersionDate "2023.10.10"]
[SourceQuality "1"]

1. e4 g6 2. Nf3 Bg7 3. d4 d6 4. Nc3 a6 5. Bd2 Nd7 6. Be2 e6 7. 0-0 Ne7 8. Be3 b5 9. b4 Bb7 10. Qd2 h6 11. Rad1 Nf6 12. h3 Nxe4 13. Nxe4 Bxe4 14. c3 c6 15. a3 g5 16. Rc1 Ng6 17. Nh2 Nh4 18. f3 Bh7 19. g3 Ng6 20. Qc2 Nf4 21. Qd2 Nxe2+ 22. Qxe2 0-0 23. Qd2 e5 24. d5 Rc8 25. dxc6 Rxc6 26. Qd5 Qc7 27. Qb3 Bd3 28. Rf2 Bc4 29. Qb2 f5 30. g4 f4 31. Bd2 d5 32. Re1 Re8 33. Qc2 Qf7 34. Qf5 Qxf5 35. gxf5 Rf6 36. Ng4 Rxf5 37. Rg2 e4 38. fxe4 dxe4 39. Rf2 Rd5 40. Bc1 h5 41. Nh2 Bxc3 0-1

[Event "Molde CC-ch"]
[Site "Molde"]
[Date "2008.10.30"]
[Round "4"]
[White "Sandum, Kjell Tore"]
[Black "Kosberg, Ivar"]
[Result "1-0"]
[WhiteElo "1916"]
[BlackElo "1584"]
[PlyCount "74"]
[EventDate "2008.09.04"]
[EventType "swiss"]
[EventRounds "6"]
[EventCountry "NOR"]
[SourceTitle "EXT 2024"]
[Source "ChessBase"]
[SourceDate "2023.10.10"]
[SourceVersion "1"]
[SourceVersionDate "2023.10.10"]
[SourceQuality "1"]

1. Nf3 g6 2. d4 Bg7 3. e4 d6 4. Nc3 a6 5. a4 b6 6. Bc4 h6 7. 0-0 e6 8. Qe2 Ne7 9. Be3 Nd7 10. Rad1 Bb7 11. h3 Kf8 12. Bc1 c6 13. Rfe1 Qc7 14. Ba2 d5 15. exd5 cxd5 16. g3 Nf5 17. Bf4 Qd8 18. g4 Nh4 19. Bg3 Nxf3+ 20. Qxf3 Qf6 21. Qxf6 Bxf6 22. Rd3 h5 23. Ne2 hxg4 24. hxg4 Kg7 25. Kg2 Rac8 26. c3 a5 27. Re3 Ba6 28. f4 Rh7 29. Ng1 Rch8 30. Nf3 Bd8 31. Ng5 Rh6 32. Bb1 Nf6 33. Nxe6+ fxe6 34. g5 Bc8 35. gxh6+ Rxh6 36. Bd3 Nh5 37. Rh1 Nf6 1-0

[Event "Molde CC-ch"]
[Site "Molde"]
[Date "2008.10.02"]
[Round "3"]
[White "Kosberg, Ivar"]
[Black "Farstad, Gudmund"]
[Result "0-1"]
[WhiteElo "1584"]
[BlackElo "1803"]
[PlyCount "114"]
[EventDate "2008.09.04"]
[EventType "swiss"]
[EventRounds "6"]
[EventCountry "NOR"]
[SourceTitle "EXT 2024"]
[Source "ChessBase"]
[SourceDate "2023.10.10"]
[SourceVersion "1"]
[SourceVersionDate "2023.10.10"]
[SourceQuality "1"]

1. e4 c5 2. c3 d5 3. exd5 Qxd5 4. d4 Nf6 5. Nf3 Nc6 6. dxc5 Qxd1+ 7. Kxd1 e5 8. b4 Bf5 9. Bc4 Be7 10. h3 0-0 11. Be3 Rad8+ 12. Ke2 a6 13. a4 h6 14. Rd1 Bc8 15. Nbd2 e4 16. Ne1 Ne5 17. Bb3 Bf5 18. Nf1 Nd3 19. Ng3 Bg6 20. Nxd3 exd3+ 21. Kd2 Nd5 22. Bxd5 Rxd5 23. Re1 Rd7 24. Bf4 Rc8 25. Ne4 Rc6 26. Nd6 f6 27. Nc4 Bf8 28. Nb6 Rd8 29. Re3 Bh7 30. Nc4 g5 31. Bh2 f5 32. f4 Rg6 33. Rxd3 Rxd3+ 34. Kxd3 gxf4 35. Bxf4 Rxg2 36. Na5 Rf2 37. Ke3 Rc2 38. Rg1+ Kf7 39. Be5 Be7 40. Nxb7 Bg5+ 41. Kf3 Bg6 42. c6 Bh5+ 43. Kg3 f4+ 44. Bxf4 Rxc3+ 45. Kg2 Bxf4 46. Rf1 Rg3+ 47. Kh2 Rf3+ 48. Kg2 Rxf1 49. Kxf1 Bd1 50. Nc5 Bd6 51. Nxa6 Bxa4 52. Nc5 Bxc6 53. Kf2 Bxc5+ 54. bxc5 Ke6 55. Kg3 Be8 56. Kg4 Kd5 57. Kh4 Kxc5 0-1